[Event "SBDU-ch"]
[Site "Duisburg"]
[Date "2011.10.21"]
[Round "4"]
[White "Hamm, Michael"]
[Black "Scharrenbroich, Torsten Michael"]
[Result "0-1"]
[WhiteElo "1629"]
[BlackElo "1486"]
[PlyCount "88"]
[EventDate "2011.09.09"]
[EventType "swiss"]
[EventRounds "7"]
[EventCountry "GER"]
[SourceTitle "EXT 2015"]
[Source "ChessBase"]
[SourceDate "2014.11.20"]
[SourceVersion "1"]
[SourceVersionDate "2014.11.20"]
[SourceQuality "1"]

1. e4 c5 2. c3 d6 3. Bb5+ Bd7 4. Bxd7+ Nxd7 5. Nf3 e5 6. 0-0 Ngf6 7. Re1 Be7 8. Na3 a6 9. Nc4 b5 10. Na3 0-0 11. d3 Nb6 12. Nc2 Qc7 13. Ne3 Rfe8 14. h3 Bf8 15. Nh2 Rad8 16. Nhg4 Nxg4 17. Qxg4 Re6 18. Nf5 Rg6 19. Qf3 Nc8 20. h4 Ne7 21. Be3 Nxf5 22. exf5 Rf6 23. Bg5 Be7 24. g4 d5 25. Bxf6 Bxf6 26. g5 Be7 27. f6 Bf8 28. fxg7 Bxg7 29. h5 Qe7 30. Qf5 f6 31. g6 h6 32. Re2 d4 33. Rae1 c4 34. cxd4 Rxd4 35. Qc8+ Rd8 36. Qxa6 Qd7 37. Re4 f5 38. R4e2 cxd3 39. Rd2 e4 40. Qa3 f4 41. Qb3+ Kh8 42. Rxe4 Qg4+ 43. Kf1 Qh3+ 44. Kg1 f3 0-1

[Event "Rheinhausen-ch"]
[Site "Rheinhausen"]
[Date "2011.02.25"]
[Round "5"]
[White "Hamm, Michael"]
[Black "Waschkewitz, Stefan"]
[Result "1-0"]
[WhiteElo "1508"]
[BlackElo "1726"]
[PlyCount "79"]
[EventDate "2011.01.07"]
[EventType "swiss"]
[EventRounds "7"]
[EventCountry "GER"]
[SourceTitle "EXT 2015"]
[Source "ChessBase"]
[SourceDate "2014.11.20"]
[SourceVersion "1"]
[SourceVersionDate "2014.11.20"]
[SourceQuality "1"]

1. e4 d5 2. exd5 Nf6 3. Bb5+ Bd7 4. Be2 Nxd5 5. d4 Nc6 6. c4 Nb6 7. Nc3 g6 8. Nf3 Bg7 9. h3 0-0 10. 0-0 e5 11. d5 Ne7 12. c5 Nbc8 13. Qb3 b6 14. c6 Be8 15. Bg5 Nd6 16. Rfe1 f6 17. Bd2 Bf7 18. Rad1 Nef5 19. g4 Ne7 20. Bf1 Nxc6 21. Be3 Ne7 22. Bg2 f5 23. Ng5 fxg4 24. hxg4 Kh8 25. Nxf7+ Rxf7 26. Ne4 Nec8 27. Ng5 Rd7 28. Bc1 Bf6 29. Ne6 Qe7 30. g5 Bg7 31. Qh3 Nb7 32. Kh2 Ncd6 33. Rh1 Re8 34. Kg1 Bf8 35. b3 Nd8 36. Bb2 Nxe6 37. Bxe5+ Kg8 38. dxe6 Qxe6 39. Bd5 Nf7 40. Qxh7# 1-0

[Event "Dortmund Sparkassen op-B"]
[Site "Dortmund"]
[Date "2010.07.18"]
[Round "2"]
[White "Hamm, Michael"]
[Black "Singh, Marcel"]
[Result "0-1"]
[WhiteElo "1899"]
[BlackElo "1909"]
[PlyCount "74"]
[EventDate "2010.07.17"]
[EventType "swiss"]
[EventRounds "9"]
[EventCountry "GER"]
[SourceTitle "EXT 2014"]
[Source "ChessBase"]
[SourceDate "2013.11.20"]
[SourceVersion "1"]
[SourceVersionDate "2013.11.20"]
[SourceQuality "1"]

1. e4 Nf6 2. e5 Nd5 3. d4 d6 4. c4 Nb6 5. f4 dxe5 6. fxe5 Nc6 7. Nf3 Bg4 8. Be3 Bxf3 9. gxf3 e6 10. Nc3 Qh4+ 11. Bf2 Qf4 12. c5 Nc8 13. Nb5 Kd7 14. Qd3 N8e7 15. Bg2 Rd8 16. 0-0 Kc8 17. Nd6+ cxd6 18. cxd6 Nf5 19. Rac1 Kb8 20. Rc4 Nxd6 21. Rxc6 bxc6 22. exd6 Bxd6 23. Bg3 Qf5 24. Qxf5 exf5 25. f4 Kb7 26. Bh3 g6 27. Bh4 Rde8 28. Bf6 Rhg8 29. Rf2 Re1+ 30. Bf1 Rge8 31. Kg2 R8e4 32. Be5 Bc7 33. d5 cxd5 34. Rd2 f6 35. Bd3 fxe5 36. Bxe4 Rxe4 37. Rxd5 exf4 0-1

[Event "Dortmund op-B"]
[Site "Dortmund"]
[Date "2009.07.06"]
[Round "3"]
[White "Wastian, Jan"]
[Black "Hamm, Michael"]
[Result "1/2-1/2"]
[WhiteElo "1413"]
[BlackElo "1917"]
[PlyCount "51"]
[EventDate "2009.07.04"]
[EventType "swiss"]
[EventRounds "9"]
[EventCountry "GER"]
[SourceTitle "EXT 2012"]
[Source "ChessBase"]
[SourceDate "2011.11.24"]
[SourceVersion "1"]
[SourceVersionDate "2011.11.24"]
[SourceQuality "1"]

1. e4 e5 2. Nf3 Nc6 3. Bc4 Nf6 4. Ng5 d5 5. exd5 b5 6. Bf1 Nxd5 7. Bxb5 Bb7 8. d3 Bd6 9. Bc4 Na5 10. Bb5+ c6 11. Ba4 Nb6 12. Bb3 Nxb3 13. axb3 0-0 14. 0-0 c5 15. Nc3 h6 16. Nf3 a6 17. Re1 Re8 18. Ne4 Bf8 19. Be3 Rc8 20. Qd2 Nd5 21. Qa5 Qe7 22. Red1 Nxe3 23. fxe3 f5 24. Ned2 Qf6 25. e4 fxe4 26. Nxe4 1/2-1/2

[Event "Dortmund op-B"]
[Site "Dortmund"]
[Date "2009.07.04"]
[Round "1"]
[White "Hlopotov, Nikita"]
[Black "Hamm, Michael"]
[Result "0-1"]
[WhiteElo "1127"]
[BlackElo "1917"]
[PlyCount "70"]
[EventDate "2009.07.04"]
[EventType "swiss"]
[EventRounds "9"]
[EventCountry "GER"]
[SourceTitle "EXT 2012"]
[Source "ChessBase"]
[SourceDate "2011.11.24"]
[SourceVersion "1"]
[SourceVersionDate "2011.11.24"]
[SourceQuality "1"]

1. e4 d5 2. exd5 Qxd5 3. Nc3 Qa5 4. Nf3 Nf6 5. d4 c6 6. Bc4 Bf5 7. 0-0 Nbd7 8. Bf4 e6 9. Re1 Be7 10. Nh4 0-0 11. Nxf5 Qxf5 12. Be3 Ng4 13. Bd3 Nxe3 14. Rxe3 Qf4 15. Ne2 Qc7 16. Rh3 Nf6 17. Ng3 g6 18. Qf3 Nd5 19. Ne4 Nf4 20. Rg3 Rad8 21. c3 e5 22. Qe3 exd4 23. cxd4 Rfe8 24. Rf3 Nd5 25. Bc4 Nxe3 26. fxe3 Rf8 27. Raf1 Bd6 28. Ng5 Rd7 29. Rh3 h5 30. e4 Bf4 31. Nf3 Be3+ 32. Kh1 Bxd4 33. Ng5 Qe5 34. Rg3 Kg7 35. h4 Qxg3 0-1